Introduction to MATLAB & Simulnik : A Project Approach (Record no. 15311)

MARC details
000 -LEADER
fixed length control field 00448nam a2200169Ia 4500
008 - FIXED-LENGTH DATA ELEMENTS--GENERAL INFORMATION
fixed length control field 221030s9999 xx 000 0 und d
020 ## - INTERNATIONAL STANDARD BOOK NUMBER
ISBN 8131804261
041 ## - LANGUAGE CODE
Language code of text/sound track or separate title
100 ## - MAIN ENTRY--AUTHOR NAME
Personal name O. Beucher
245 #0 - TITLE STATEMENT
Title Introduction to MATLAB & Simulnik : A Project Approach
Statement of responsibility, etc by O. Beucher, M. Weeks
250 ## - EDITION STATEMENT
Edition statement 3rd
260 ## - PUBLICATION, DISTRIBUTION, ETC. (IMPRINT)
Name of publisher Universities Science Press
Place of publication New Delhi
Year of publication 2013
300 ## - PHYSICAL DESCRIPTION
Number of Pages 386
650 ## - SUBJECT ADDED ENTRY--TOPICAL TERM
Topical Term BB EE
700 ## - ADDED ENTRY--PERSONAL NAME
Personal name M. Weeks
942 ## - ADDED ENTRY ELEMENTS (KOHA)
Koha item type Books
Holdings
Accession Number Cost, normal purchase price Bill Date Source of acquisition Price effective from Koha item type Withdrawn / writtenoff status Materials specified (bound volume or other part) Damaged status Not for loan Permanent Location Current Location Shelving location Date acquired Lost/ Missing status department
BB 665 395.00 11027 RKB 10/30/2022 Books   Print     MIET Library, Jammu MIET Library, Jammu BL-Academic Block B, FL-2, CUP-103, SH-6, R-6 10/28/2014   BB
BE 14092 395.00 11027 RKB 10/30/2022 Books   Print   Not For Loan MIET Library, Jammu MIET Library, Jammu BL-Academic Block B, FL-2, CUP-77, SH-3, R-3 11/12/2014   BE
BE 14093 395.00 11027 RKB 10/30/2022 Books   Print     MIET Library, Jammu MIET Library, Jammu BL-Academic Block C, FL-2, CUP-161, SH-1, R-1 11/12/2014   BE